00835nam a2200145Ia 4500008004100000020001800041100006600059245010700125260002700232650026000259650002200519856004000541999001900581952008900600171212s9999 xx 000 0 und d a9780833026569 aRonfeldt, David;Arquilla, John;Fuller, Graham;Fuller, Melissa cRonfeldt, David;Arquilla, John;Fuller, Graham;Fuller, MelissaaThe Zapatista "Social Netwar" in Mexico bRAND Corporationc1998 aChiapas (Mexico) -- History -- Peasant Uprising, 1994 -- Propaganda; Ejercito Zapatista de Liberacion Nacional (Mexico) -- Public opinion; Mexico -- Military policy; National security -- Mexico; Internet (Computer network) -- Social aspects -- Mexico; Inf aPolitical Science uwww.jstor.org/stable/10.7249/mr994a c352739d352739 001040aCLbCLd2017-12-12l0oF1256.Z28 1998r2017-12-12 00:00:00w2017-12-12yCBE